[Event "Madrid-ch superveteranos 2016/2017"]
[Site "Madrid ESP"]
[Date "2017.01.27"]
[Round "6.13"]
[White "Perez Carballeira, Francisco"]
[Black "Buergo Villanueva, Fernando"]
[Result "1-0"]
[WhiteElo "1448"]
[BlackElo "1290"]
[PlyCount "153"]
[EventDate "2017.01.20"]
[EventType "swiss"]
[EventRounds "7"]
[EventCountry "ESP"]
[SourceTitle "Ajedrez en Madrid"]
[Source "lmi"]
[SourceDate "2017.01.20"]
[SourceVersion "1"]
[SourceVersionDate "2017.01.31"]
[SourceQuality "1"]

1. d4 d5 2. c4 e6 3. Nc3 a6 4. Bf4 Nc6 5. e3 h6 6. cxd5 exd5 7. Bd3 Bb4 8. Nge2
Bg4 9. O-O Nf6 10. f3 Be6 11. Bg3 Nh5 12. Bf2 Qg5 13. a3 Bd6 14. e4 Bh3 15. Bg3
Bxg3 16. hxg3 Nxg3 17. Rf2 Nxe2+ 18. Nxe2 Ne7 19. Ng3 Qxg3 20. exd5 O-O 21. Bc4
Nf5 22. Qd2 Rae8 23. Bf1 Ne3 24. Re1 Nc4 25. Bxc4 b5 26. Bf1 Rd8 27. Re5 f6 28.
Rh5 Bd7 29. Bd3 f5 30. Rh3 Qg6 31. Qf4 c6 32. dxc6 Bxc6 33. Rc2 Rd5 34. Qc7 Rf6
35. Rh4 Rd7 36. Qc8+ Rf8 37. Qxc6 Rd6 38. Qc5 Re6 39. Re2 Rc6 40. Qd5+ Kh8 41.
Kf2 Qg5 42. Rh3 Rg6 43. Rh2 Qg3+ 44. Kg1 Qf4 45. Qe5 Qc1+ 46. Kf2 Qc8 47. Qc5
Rc6 48. Qe5 Qd7 49. Rh5 Rcf6 50. Rh1 Rd6 51. Rh4 Rff6 52. Qe8+ Kh7 53. Qxd7
Rxd7 54. Rd2 g6 55. Bc2 g5 56. Rh1 Kg6 57. Re1 h5 58. Re5 h4 59. d5 g4 60. fxg4
Kg5 61. Bxf5 Rc7 62. Ke2 Rc4 63. d6 Kf4 64. Red5 Kg3 65. Kd1 Rf4 66. R5d3+ Kh2
67. Rh3+ Kg1 68. d7 Rf1+ 69. Kc2 Rc6+ 70. Rc3 Rxc3+ 71. Kxc3 Rc1+ 72. Bc2 Re1
73. d8=Q Re3+ 74. Bd3 Rg3 75. Qd4+ Kh2 76. g5 Rxg5 77. Qxh4+ 1-0

[Event "Madrid-ch superveteranos 2016/2017"]
[Site "Madrid ESP"]
[Date "2017.01.27"]
[Round "6.14"]
[White "Olano Lanchas, Dionisio"]
[Black "Fernandez-Bujarrabal V., Pedro"]
[Result "1-0"]
[WhiteElo "1692"]
[BlackElo "1606"]
[PlyCount "133"]
[EventDate "2017.01.20"]
[EventType "swiss"]
[EventRounds "7"]
[EventCountry "ESP"]
[SourceTitle "Ajedrez en Madrid"]
[Source "lmi"]
[SourceDate "2017.01.20"]
[SourceVersion "1"]
[SourceVersionDate "2017.01.31"]
[SourceQuality "1"]

1. e4 e5 2. Nc3 Nf6 3. Bc4 d5 4. exd5 Bc5 5. Na4 Bd6 6. d3 a6 7. Nc3 b5 8. Bb3
Bf5 9. Bg5 Be7 10. Nge2 O-O 11. Ng3 Bg6 12. O-O Nbd7 13. Re1 Bd6 14. Nce4 Be7
15. Nxf6+ Bxf6 16. Bxf6 Qxf6 17. Ne4 Qb6 18. c4 Qd4 19. Qd2 Rfe8 20. Qc3 Qxc3
21. bxc3 Bxe4 22. dxe4 Nc5 23. cxb5 axb5 24. f3 Kf8 25. Red1 Red8 26. Kf2 Ke7
27. Ke3 Ra3 28. Rab1 Kd6 29. Rd2 Rda8 30. Rbb2 R8a5 31. Rbc2 f6 32. h4 h6 33.
g4 Nxb3 34. axb3 Ra1 35. c4 bxc4 36. Rxc4 Rc5 37. Rxc5 Kxc5 38. Rc2+ Kd6 39. g5
Rh1 40. gxf6 gxf6 41. Rc6+ Kd7 42. Rxf6 Rxh4 43. Re6 Rh5 44. Kd3 Rh3 45. Rxe5
Rxf3+ 46. Kc4 Rf6 47. b4 c6 48. dxc6+ Rxc6+ 49. Kb5 Rc1 50. Rh5 Rc6 51. e5 Kc7
52. Rf5 Rb6+ 53. Ka5 Re6 54. b5 Kb7 55. Rf6 Rxe5 56. Rxh6 Ka7 57. Rh7+ Kb8 58.
Ka6 Re1 59. Rh8+ Kc7 60. b6+ Kc6 61. Rc8+ Kd6 62. Ka7 Ra1+ 63. Kb8 Rb1 64. b7
Rb2 65. Rc1 Rb3 66. Kc8 Rh3 67. b8=Q+ 1-0

[Event "Madrid-ch superveteranos 2016/2017"]
[Site "Madrid ESP"]
[Date "2017.01.27"]
[Round "6.15"]
[White "Perez Gonzalez, Jesus Miguel"]
[Black "Diaz Begonte, Manuel"]
[Result "1/2-1/2"]
[WhiteElo "1634"]
[BlackElo "1658"]
[PlyCount "148"]
[EventDate "2017.01.20"]
[EventType "swiss"]
[EventRounds "7"]
[EventCountry "ESP"]
[SourceTitle "Ajedrez en Madrid"]
[Source "lmi"]
[SourceDate "2017.01.20"]
[SourceVersion "1"]
[SourceVersionDate "2017.01.31"]
[SourceQuality "1"]

1. e4 d5 2. exd5 Nf6 3. d4 Nxd5 4. Nf3 Bg4 5. Be2 e6 6. O-O Be7 7. c3 O-O 8.
Nbd2 Nd7 9. Ne4 N7f6 10. Ng3 Bd6 11. Ne5 Bxe2 12. Qxe2 c5 13. f4 cxd4 14. cxd4
Qb6 15. Qd1 Rfd8 16. Nc4 Qc6 17. b3 Bb4 18. Ne2 Nc3 19. Nxc3 Bxc3 20. Bb2 Bxb2
21. Nxb2 Qe4 22. Qd3 Rxd4 23. Qxe4 Nxe4 24. Rac1 b5 25. Rfd1 Rd6 26. a4 a6 27.
Rxd6 Nxd6 28. Kf2 Kf8 29. Rc6 Ke7 30. Nd3 bxa4 31. bxa4 f6 32. Rc7+ Kf8 33. Nc5
Re8 34. Rc6 Ke7 35. Rc7+ Kf8 36. Nxa6 Rc8 37. a5 Rxc7 38. Nxc7 Ke7 39. a6 Nc8
40. Nb5 Kd7 41. a7 Nb6 42. Ke3 Kc6 43. Nd4+ Kd5 44. Kd3 e5 45. fxe5 fxe5 46.
Nf5 g6 47. Ne3+ Kc6 48. Ke4 Kb7 49. Kxe5 Kxa7 50. Kf6 Nd7+ 51. Kg7 Kb7 52. Kxh7
Ne5 53. h3 Kc6 54. Ng4 Nd3 55. g3 Nc1 56. Ne5+ Kd6 57. Nxg6 Ne2 58. g4 Ke6 59.
h4 Ng3 60. Kg7 Ne4 61. Nf8+ Ke5 62. g5 Kf5 63. Kh6 Kg4 64. Ng6 Ng3 65. Ne5+
Kxh4 66. g6 Nf5+ 67. Kh7 Kg5 68. Nf3+ Kf6 69. Nh4 Ng7 70. Nf3 Nf5 71. Nh2 Kg5
72. Nf3+ Kf6 73. Nd4 Ng7 74. Nf3 Nf5 1/2-1/2

[Event "Madrid-ch superveteranos 2016/2017"]
[Site "Madrid ESP"]
[Date "2017.01.27"]
[Round "6.16"]
[White "Osanz Diaz, Francisco"]
[Black "Poblador Dieguez, Alfredo"]
[Result "0-1"]
[WhiteElo "1622"]
[BlackElo "1576"]
[PlyCount "92"]
[EventDate "2017.01.20"]
[EventType "swiss"]
[EventRounds "7"]
[EventCountry "ESP"]
[SourceTitle "Ajedrez en Madrid"]
[Source "lmi"]
[SourceDate "2017.01.20"]
[SourceVersion "1"]
[SourceVersionDate "2017.01.31"]
[SourceQuality "1"]

1. d4 d5 2. c4 e6 3. Nc3 Nf6 4. Nf3 c6 5. e3 Be7 6. Be2 O-O 7. O-O c5 8. a3
cxd4 9. Nxd4 a6 10. b4 dxc4 11. Bxc4 Qc7 12. Qb3 b5 13. Be2 Bb7 14. Bb2 Rd8 15.
Rac1 Qe5 16. Nf3 Bxf3 17. Bxf3 Ra7 18. Ne4 Qf5 19. Ng3 Qd3 20. Rc3 Qd7 21. Rfc1
Nd5 22. Rd3 Rc7 23. Rcd1 Qc8 24. Be5 Rcd7 25. Qb1 Qb7 26. Qa1 f6 27. Bb2 Nc6
28. e4 Nf4 29. Rxd7 Rxd7 30. e5 Rxd1+ 31. Qxd1 Qc7 32. exf6 Bxf6 33. Bxf6 gxf6
34. h3 Ne5 35. Be4 f5 36. Bb1 Qb7 37. f3 Qb6+ 38. Kh2 Qf2 39. Qd8+ Kg7 40. Qg5+
Nfg6 41. Nh1 Qe1 42. Bxf5 exf5 43. h4 h6 44. Qg3 Qxg3+ 45. Nxg3 Nxh4 46. Kh3
Neg6 0-1

[Event "Madrid-ch superveteranos 2016/2017"]
[Site "Madrid ESP"]
[Date "2017.01.30"]
[Round "7.1"]
[White "Pastor Alonso de Prado, Emilio Alberto"]
[Black "Estrada Martinez, Cesar"]
[Result "1/2-1/2"]
[WhiteElo "2113"]
[BlackElo "2067"]
[PlyCount "54"]
[EventDate "2017.01.20"]
[EventType "swiss"]
[EventRounds "7"]
[EventCountry "ESP"]
[SourceTitle "Ajedrez en Madrid"]
[Source "lmi"]
[SourceDate "2017.01.20"]
[SourceVersion "1"]
[SourceVersionDate "2017.01.31"]
[SourceQuality "1"]

1. e4 c5 2. c3 g6 3. d4 cxd4 4. cxd4 d5 5. e5 Bg7 6. Nf3 Bg4 7. Bb5+ Nc6 8.
Bxc6+ bxc6 9. Nbd2 Nh6 10. O-O O-O 11. h3 Bxf3 12. Nxf3 Qb6 13. b3 c5 14. dxc5
Qxc5 15. Be3 Qa5 16. Bd2 Qd8 17. Rc1 Qd7 18. Qe2 e6 19. Rc5 Nf5 20. g4 Ne7 21.
Rfc1 Rfc8 22. Qb5 Qxb5 23. Rxb5 Rxc1+ 24. Bxc1 Nc6 25. Bf4 h6 26. Kf1 g5 27.
Bg3 Rb8 1/2-1/2

[Event "Madrid-ch superveteranos 2016/2017"]
[Site "Madrid ESP"]
[Date "2017.01.30"]
[Round "7.2"]
[White "Ciuro Munoz, Ricardo"]
[Black "Fernandez Garcia, Ignacio"]
[Result "1-0"]
[WhiteElo "2015"]
[BlackElo "1833"]
[PlyCount "51"]
[EventDate "2017.01.20"]
[EventType "swiss"]
[EventRounds "7"]
[EventCountry "ESP"]
[SourceTitle "Ajedrez en Madrid"]
[Source "lmi"]
[SourceDate "2017.01.20"]
[SourceVersion "1"]
[SourceVersionDate "2017.01.31"]
[SourceQuality "1"]

1. e4 d6 2. d4 g6 3. Nc3 Bg7 4. Bc4 Nf6 5. h3 c6 6. a4 d5 7. exd5 cxd5 8. Bb3
Nc6 9. Nf3 O-O 10. O-O Bf5 11. Re1 Rc8 12. Bf4 Na5 13. Qe2 Nxb3 14. cxb3 Ne4
15. Qb5 Nxc3 16. bxc3 Rxc3 17. Qxb7 Be4 18. Ne5 Qb8 19. Qxe7 Rxb3 20. Nxg6 Qc8
21. Nxf8 Bxg2 22. Nd7 Be4 23. Rac1 Qa8 24. Ne5 Rxh3 25. Qxf7+ Kh8 26. Rxe4 1-0

[Event "Madrid-ch superveteranos 2016/2017"]
[Site "Madrid ESP"]
[Date "2017.01.30"]
[Round "7.3"]
[White "Corredor Gonzalez, Angel L"]
[Black "Mayer Schwartz, Rene"]
[Result "0-1"]
[WhiteElo "1708"]
[BlackElo "2032"]
[PlyCount "84"]
[EventDate "2017.01.20"]
[EventType "swiss"]
[EventRounds "7"]
[EventCountry "ESP"]
[SourceTitle "Ajedrez en Madrid"]
[Source "lmi"]
[SourceDate "2017.01.20"]
[SourceVersion "1"]
[SourceVersionDate "2017.01.31"]
[SourceQuality "1"]

1. e4 e5 2. Nf3 Nc6 3. Bc4 Bc5 4. O-O Qf6 5. Nc3 Nge7 6. d3 d6 7. Bg5 Qg6 8.
Qd2 h6 9. Be3 Bh3 10. Nh4 Qg4 11. Bxc5 dxc5 12. Qe3 Qxh4 13. Qxh3 Qxh3 14. gxh3
Nd4 15. Rac1 c6 16. f4 b5 17. Bb3 b4 18. Na4 Ne2+ 19. Kg2 Nxc1 20. Rxc1 exf4
21. Nxc5 Rd8 22. Na6 Rd4 23. h4 h5 24. Kf3 Ng6 25. Ba4 Kd7 26. Nc5+ Kc7 27. Nb3
Rd6 28. d4 Rf6 29. e5 Nxh4+ 30. Ke4 Rg6 31. Na5 f3 32. Nxc6 Rxc6 33. Bxc6 Kxc6
34. d5+ Kd7 35. Kf4 Rc8 36. c3 Rc4+ 37. Kg3 g5 38. h3 bxc3 39. Rxc3 Rxc3 40.
bxc3 g4 41. hxg4 hxg4 42. c4 Ng6 0-1

[Event "Madrid-ch superveteranos 2016/2017"]
[Site "Madrid ESP"]
[Date "2017.01.30"]
[Round "7.4"]
[White "Ortega Morales, Pedro"]
[Black "Garcia Esteban, Ignacio"]
[Result "1/2-1/2"]
[WhiteElo "1748"]
[BlackElo "1851"]
[PlyCount "46"]
[EventDate "2017.01.20"]
[EventType "swiss"]
[EventRounds "7"]
[EventCountry "ESP"]
[SourceTitle "Ajedrez en Madrid"]
[Source "lmi"]
[SourceDate "2017.01.20"]
[SourceVersion "1"]
[SourceVersionDate "2017.01.31"]
[SourceQuality "1"]

1. d4 Nf6 2. Bf4 g6 3. e3 Bg7 4. Be2 d5 5. Nf3 Nbd7 6. h3 O-O 7. O-O c5 8. c3
a6 9. a4 Ne4 10. Nfd2 Nxd2 11. Nxd2 c4 12. e4 e6 13. Bf3 Nf6 14. b3 dxe4 15.
Nxe4 Nxe4 16. Bxe4 g5 17. Bh2 f5 18. Bc2 cxb3 19. Bxb3 f4 20. Re1 Qf6 21. Qf3
Rb8 22. Rab1 b5 23. axb5 axb5 1/2-1/2

[Event "Madrid-ch superveteranos 2016/2017"]
[Site "Madrid ESP"]
[Date "2017.01.30"]
[Round "7.5"]
[White "Martinez Rubio, Felipe"]
[Black "Campos Calvo-Sotelo, Juan"]
[Result "1-0"]
[WhiteElo "1706"]
[BlackElo "1896"]
[PlyCount "115"]
[EventDate "2017.01.20"]
[EventType "swiss"]
[EventRounds "7"]
[EventCountry "ESP"]
[SourceTitle "Ajedrez en Madrid"]
[Source "lmi"]
[SourceDate "2017.01.20"]
[SourceVersion "1"]
[SourceVersionDate "2017.01.31"]
[SourceQuality "1"]

1. e4 e6 2. d4 a6 3. Nf3 b5 4. Bd3 c5 5. c3 Bb7 6. O-O Nf6 7. e5 Nd5 8. dxc5
Bxc5 9. Nbd2 Nc6 10. a4 Nf4 11. Bc2 g5 12. Ne4 Be7 13. Nfxg5 h6 14. Nxf7 Kxf7
15. Bxf4 Qg8 16. Qh5+ Kg7 17. Nd6 Bxd6 18. Qg6+ Kf8 19. Bxh6+ Rxh6 20. Qxh6+
Ke8 21. Qg6+ Qxg6 22. Bxg6+ Ke7 23. exd6+ Kxd6 24. Rad1+ Kc7 25. Be4 d5 26. Bf3
Ne5 27. Be2 bxa4 28. f4 Nc4 29. Bxc4 dxc4 30. Rde1 Rg8 31. g3 Bd5 32. f5 exf5
33. Rxf5 Kc6 34. Rd1 Rd8 35. Rfxd5 Rxd5 36. Rxd5 Kxd5 37. h4 Ke4 38. h5 Kd3 39.
h6 Kc2 40. h7 Kxb2 41. h8=Q a3 42. Qd4 a2 43. Qd2+ Kb1 44. g4 a1=Q 45. Qd1+ Kb2
46. Qxa1+ Kxa1 47. g5 Kb2 48. g6 Kxc3 49. g7 Kb2 50. g8=Q c3 51. Qb8+ Kc1 52.
Kf2 Kd2 53. Qd6+ Kc2 54. Ke2 a5 55. Qd3+ Kb2 56. Kd1 Kb3 57. Qb5+ Ka2 58. Kc2
1-0

[Event "Madrid-ch superveteranos 2016/2017"]
[Site "Madrid ESP"]
[Date "2017.01.30"]
[Round "7.6"]
[White "Perez Pascual, Arturo"]
[Black "Cupeiro Fernandez, Manuel"]
[Result "1-0"]
[WhiteElo "1895"]
[BlackElo "1525"]
[PlyCount "57"]
[EventDate "2017.01.20"]
[EventType "swiss"]
[EventRounds "7"]
[EventCountry "ESP"]
[SourceTitle "Ajedrez en Madrid"]
[Source "lmi"]
[SourceDate "2017.01.20"]
[SourceVersion "1"]
[SourceVersionDate "2017.01.31"]
[SourceQuality "1"]

1. e4 d6 2. d4 Nf6 3. Nc3 c6 4. h3 e6 5. Nf3 Be7 6. Be2 Nbd7 7. Bf4 h6 8. Qd2
Nf8 9. g4 Ng6 10. Bg3 Nh7 11. O-O-O Ng5 12. Nxg5 Bxg5 13. f4 Bh4 14. Rhg1 Bxg3
15. Rxg3 Qf6 16. Rf1 O-O 17. g5 hxg5 18. fxg5 Qe7 19. e5 dxe5 20. dxe5 Nxe5 21.
Ne4 Rd8 22. Qe3 Ng6 23. Bh5 e5 24. Nf6+ gxf6 25. gxf6 Qc7 26. Bxg6 Be6 27.
Bxf7+ Kf8 28. Rg8+ Kxf7 29. Rg7+ 1-0

[Event "Madrid-ch superveteranos 2016/2017"]
[Site "Madrid ESP"]
[Date "2017.01.30"]
[Round "7.7"]
[White "Perez Cameselle, Francisco Jose"]
[Black "Leniz Martinez, Francisco"]
[Result "1-0"]
[WhiteElo "1790"]
[BlackElo "1721"]
[PlyCount "113"]
[EventDate "2017.01.20"]
[EventType "swiss"]
[EventRounds "7"]
[EventCountry "ESP"]
[SourceTitle "Ajedrez en Madrid"]
[Source "lmi"]
[SourceDate "2017.01.20"]
[SourceVersion "1"]
[SourceVersionDate "2017.01.31"]
[SourceQuality "1"]

1. e4 c5 2. Nf3 e6 3. d3 Nc6 4. g3 d6 5. Bg2 Nf6 6. Nbd2 Bd7 7. O-O Be7 8. c3
O-O 9. Qe2 Rb8 10. a4 a6 11. Re1 Qc7 12. Nf1 b5 13. axb5 axb5 14. Bd2 Rfe8 15.
d4 Na5 16. e5 Nd5 17. Ne3 Nxe3 18. Bxe3 dxe5 19. dxe5 Bc6 20. Bf4 Nb3 21. Rad1
Rbd8 22. Qc2 c4 23. Nd4 Nxd4 24. cxd4 Bxg2 25. Kxg2 Qb7+ 26. Kg1 Rc8 27. Ra1
Ra8 28. b3 Bb4 29. Red1 c3 30. Be3 Rxa1 31. Rxa1 Ra8 32. Rxa8+ Qxa8 33. Qd3 Qc6
34. Qc2 h6 35. h4 Qa6 36. Kf1 Qc6 37. Ke2 Ba3 38. Bc1 Bxc1 39. Qxc1 b4 40. Qc2
Qb5+ 41. Ke3 Qf1 42. Qa2 Qd1 43. Qa8+ Kh7 44. Qe4+ g6 45. Qb7 Qd2+ 46. Kf3 Qd3+
47. Kg2 Kg7 48. Qxb4 Qe4+ 49. Kh2 c2 50. Qd2 Qc6 51. Qf4 Qc8 52. Qc1 Kg8 53. b4
Qc3 54. b5 Qxd4 55. Qxc2 Qxe5 56. b6 Qb8 57. Qc7 1-0

[Event "Madrid-ch superveteranos 2016/2017"]
[Site "Madrid ESP"]
[Date "2017.01.30"]
[Round "7.8"]
[White "Cruz Gonzalez, Antonio"]
[Black "Perez Carballeira, Francisco"]
[Result "1-0"]
[WhiteElo "1817"]
[BlackElo "1448"]
[PlyCount "39"]
[EventDate "2017.01.20"]
[EventType "swiss"]
[EventRounds "7"]
[EventCountry "ESP"]
[SourceTitle "Ajedrez en Madrid"]
[Source "lmi"]
[SourceDate "2017.01.20"]
[SourceVersion "1"]
[SourceVersionDate "2017.01.31"]
[SourceQuality "1"]

1. e4 d5 2. exd5 Qxd5 3. Nc3 Qa5 4. d4 c6 5. Nf3 Nf6 6. Bd2 Qc7 7. Bc4 Bf5 8.
Ne5 Bg6 9. Qe2 e6 10. Bd3 Bxd3 11. Qxd3 Bd6 12. f4 Nbd7 13. O-O-O Bxe5 14. fxe5
Nd5 15. Ne4 O-O 16. Ng5 g6 17. Qh3 h5 18. g4 Kg7 19. Rhf1 N7b6 20. Rxf7+ 1-0

[Event "Madrid-ch superveteranos 2016/2017"]
[Site "Madrid ESP"]
[Date "2017.01.30"]
[Round "7.9"]
[White "Beekhof Harmsen, Willen"]
[Black "Albo Benarroch, Angel"]
[Result "0-1"]
[WhiteElo "1555"]
[BlackElo "1784"]
[PlyCount "106"]
[EventDate "2017.01.20"]
[EventType "swiss"]
[EventRounds "7"]
[EventCountry "ESP"]
[SourceTitle "Ajedrez en Madrid"]
[Source "lmi"]
[SourceDate "2017.01.20"]
[SourceVersion "1"]
[SourceVersionDate "2017.01.31"]
[SourceQuality "1"]

1. Nf3 d5 2. g3 Nf6 3. Bg2 c5 4. b3 Nc6 5. Bb2 Bg4 6. h3 Bf5 7. O-O g6 8. d3
Bg7 9. Nbd2 O-O 10. Re1 Re8 11. e4 dxe4 12. dxe4 Be6 13. Ng5 Qc8 14. Nxe6 Qxe6
15. Qe2 Rad8 16. Rad1 Nd4 17. Bxd4 Rxd4 18. e5 Nd5 19. Nb1 Bxe5 20. Rxd4 Bxd4
21. Qxe6 fxe6 22. Rxe6 Nc7 23. Re2 Kf8 24. Bxb7 Rb8 25. Bg2 c4 26. c3 cxb3 27.
Rb2 bxa2 28. Rxb8+ Kg7 29. cxd4 a1=Q 30. Rb7 Qa5 31. Nd2 Qxd2 32. Rxc7 Qxd4 33.
Rxe7+ Kg8 34. Re8+ Kf7 35. Ra8 h6 36. Rc8 a5 37. Rc6 a4 38. Ra6 Qb4 39. Bd5+
Kg7 40. Ra7+ Kf6 41. Ra6+ Ke5 42. Bf7 a3 43. Re6+ Kd4 44. Bxg6 Qb2 45. Re4+ Kc5
46. Re8 a2 47. Rc8+ Kd6 48. Rc2 a1=Q+ 49. Kg2 Qb7+ 50. f3 Qb6 51. Rd2+ Kc7 52.
Rc2+ Kb8 53. Rf2 Qe1 0-1

[Event "Madrid-ch superveteranos 2016/2017"]
[Site "Madrid ESP"]
[Date "2017.01.30"]
[Round "7.10"]
[White "Alvarez Escudero, Manuel"]
[Black "Arroyo Fraile, Mario"]
[Result "1-0"]
[WhiteElo "1782"]
[BlackElo "1552"]
[PlyCount "53"]
[EventDate "2017.01.20"]
[EventType "swiss"]
[EventRounds "7"]
[EventCountry "ESP"]
[SourceTitle "Ajedrez en Madrid"]
[Source "lmi"]
[SourceDate "2017.01.20"]
[SourceVersion "1"]
[SourceVersionDate "2017.01.31"]
[SourceQuality "1"]

1. e4 c5 2. Nf3 Nc6 3. Bc4 e6 4. c3 a6 5. d4 cxd4 6. Nxd4 Nf6 7. Nxc6 bxc6 8.
Bg5 Be7 9. Nd2 d5 10. exd5 cxd5 11. Bb3 O-O 12. O-O Bd7 13. Qf3 Rb8 14. Rfe1 a5
15. Qe3 h6 16. Bf4 Rb7 17. a4 Nh7 18. Ra2 Bg5 19. Bxg5 Nxg5 20. Bc2 Re8 21. Qd3
Kf8 22. h4 Ne4 23. Nxe4 dxe4 24. Qxe4 Qc7 25. Qh7 Rb6 26. Qh8+ Ke7 27. Qxg7 1-0

[Event "Madrid-ch superveteranos 2016/2017"]
[Site "Madrid ESP"]
[Date "2017.01.30"]
[Round "7.11"]
[White "Sanchez Lucena, Juan"]
[Black "Rodriguez Bachiller, Luis"]
[Result "0-1"]
[WhiteElo "1431"]
[BlackElo "1657"]
[PlyCount "40"]
[EventDate "2017.01.20"]
[EventType "swiss"]
[EventRounds "7"]
[EventCountry "ESP"]
[SourceTitle "Ajedrez en Madrid"]
[Source "lmi"]
[SourceDate "2017.01.20"]
[SourceVersion "1"]
[SourceVersionDate "2017.01.31"]
[SourceQuality "1"]

1. d4 Nf6 2. Nf3 c5 3. e3 g6 4. c4 Bg7 5. Nc3 cxd4 6. Nxd4 Nc6 7. g3 Nxd4 8.
Qxd4 O-O 9. a3 d6 10. b4 Nd7 11. Qd2 Ne5 12. Be2 Be6 13. c5 Bc4 14. cxd6 exd6
15. f4 Bxe2 16. Kxe2 Nc4 17. Qc2 Re8 18. Ra2 Nxe3 19. Bxe3 Rc8 20. Kf2 Rxc3 0-1

[Event "Madrid-ch superveteranos 2016/2017"]
[Site "Madrid ESP"]
[Date "2017.01.30"]
[Round "7.14"]
[White "Diaz Begonte, Manuel"]
[Black "Perez Cristobal, Alberto"]
[Result "1/2-1/2"]
[WhiteElo "1658"]
[BlackElo "1598"]
[PlyCount "81"]
[EventDate "2017.01.20"]
[EventType "swiss"]
[EventRounds "7"]
[EventCountry "ESP"]
[SourceTitle "Ajedrez en Madrid"]
[Source "lmi"]
[SourceDate "2017.01.20"]
[SourceVersion "1"]
[SourceVersionDate "2017.01.31"]
[SourceQuality "1"]

1. e4 e6 2. d3 d5 3. Nd2 Nf6 4. g3 Nc6 5. Bg2 d4 6. Ngf3 e5 7. O-O Bg4 8. h3
Be6 9. Nb3 Bxb3 10. axb3 Be7 11. Bd2 O-O 12. Nh4 Ne8 13. Nf5 Bf6 14. Kh2 Nd6
15. g4 Bg5 16. f4 exf4 17. Bxf4 Bxf4+ 18. Rxf4 Nxf5 19. Rxf5 Qd6+ 20. Kh1 Ne5
21. Qe2 g6 22. Rf2 a6 23. Qf1 Rae8 24. Rf6 Re6 25. g5 Kg7 26. Rf4 f6 27. gxf6+
Rfxf6 28. Rxf6 Rxf6 29. Qe2 Qf8 30. Rf1 Rxf1+ 31. Qxf1 Qxf1+ 32. Bxf1 c5 33.
Be2 a5 34. Kg2 g5 35. Kg3 Kg6 36. Bg4 h6 37. Bf5+ Kf6 38. h4 Ke7 39. hxg5 hxg5
40. Bg4 b6 41. Be2 1/2-1/2

[Event "Madrid-ch superveteranos 2016/2017"]
[Site "Madrid ESP"]
[Date "2017.01.30"]
[Round "7.16"]
[White "Fernandez-Bujarrabal V., Pedro"]
[Black "Garcia Peco, Antonio"]
[Result "1-0"]
[WhiteElo "1606"]
[BlackElo "1488"]
[PlyCount "73"]
[EventDate "2017.01.20"]
[EventType "swiss"]
[EventRounds "7"]
[EventCountry "ESP"]
[SourceTitle "Ajedrez en Madrid"]
[Source "lmi"]
[SourceDate "2017.01.20"]
[SourceVersion "1"]
[SourceVersionDate "2017.01.31"]
[SourceQuality "1"]

1. e4 e5 2. Nf3 d6 3. d4 exd4 4. Nxd4 Be7 5. Be3 Bd7 6. Bc4 Nf6 7. Nc3 a6 8.
Bd3 Nc6 9. Nf3 h6 10. Qd2 Ne5 11. Nxe5 dxe5 12. h3 Bd6 13. f4 exf4 14. Bxf4
Bxf4 15. Qxf4 Nh5 16. Qe5+ Qe7 17. Qxh5 O-O-O 18. O-O-O Rde8 19. Qa5 Bc6 20.
Kb1 f6 21. Rhf1 Qd8 22. Nd5 Qd6 23. Rf5 Re5 24. Rdf1 Rf8 25. Rxe5 Qxe5 26. Rf5
Qd6 27. g4 Re8 28. h4 Re5 29. Rxe5 Qxe5 30. Qc5 Qe8 31. Ne7+ Kd7 32. Nxc6 bxc6
33. Qd4+ Ke7 34. Bxa6 Kf8 35. h5 Kg8 36. Bc4+ Kh8 37. a4 1-0